Food preservation by modified atmospheres / (Record no. 342272)

000 -LEADER
fixed length control field 00943pam a2200265 a 4500
001 - CONTROL NUMBER
control field 3401374
003 - CONTROL NUMBER IDENTIFIER
control field NUST
005 - DATE AND TIME OF LATEST TRANSACTION
control field 20171215101701.0
008 - FIXED-LENGTH DATA ELEMENTS--GENERAL INFORMATION
fixed length control field 891122s1990 flua b 001 0 eng
010 ## - LIBRARY OF CONGRESS CONTROL NUMBER
LC control number 89070856
020 ## - INTERNATIONAL STANDARD BOOK NUMBER
International Standard Book Number 0849365694
040 ## - CATALOGING SOURCE
Original cataloging agency DLC
Transcribing agency DLC
Modifying agency DLC
050 00 - LIBRARY OF CONGRESS CALL NUMBER
Classification number TP371.2
Item number .F65 1990
082 00 - DEWEY DECIMAL CLASSIFICATION NUMBER
Classification number 664.028 CAL
Edition number 20
245 00 - TITLE STATEMENT
Title Food preservation by modified atmospheres /
Statement of responsibility, etc. Editors, Moshe Calderon, Rivka Barkai-Golan.
260 ## - PUBLICATION, DISTRIBUTION, ETC.
Place of publication, distribution, etc. Boca Raton, Fla. :
Name of publisher, distributor, etc. CRC Press,
Date of publication, distribution, etc. 1990.
300 ## - PHYSICAL DESCRIPTION
Extent 402 p. :
Other physical details ill. ;
Dimensions 27 cm.
500 ## - GENERAL NOTE
General note H.B
504 ## - BIBLIOGRAPHY, ETC. NOTE
Bibliography, etc. note Includes bibliographical references.
650 #0 - SUBJECT ADDED ENTRY--TOPICAL TERM
Topical term or geographic name entry element Food
General subdivision Preservation.
9 (RLIN) 7320
650 #0 - SUBJECT ADDED ENTRY--TOPICAL TERM
Topical term or geographic name entry element Protective atmospheres.
9 (RLIN) 7321
700 1# - ADDED ENTRY--PERSONAL NAME
Personal name Calderon, Moshe.
9 (RLIN) 7322
700 2# - ADDED ENTRY--PERSONAL NAME
Personal name Barkai-Golan, Rivka.
9 (RLIN) 7323
856 42 - ELECTRONIC LOCATION AND ACCESS
Materials specified Publisher description
Uniform Resource Identifier <a href="http://www.loc.gov/catdir/enhancements/fy0744/89070856-d.html">http://www.loc.gov/catdir/enhancements/fy0744/89070856-d.html</a>
906 ## - LOCAL DATA ELEMENT F, LDF (RLIN)
a 7
b cbc
c orignew
d 1
e opcn
f 19
g y-gencatlg
942 ## - ADDED ENTRY ELEMENTS (KOHA)
Source of classification or shelving scheme
Koha item type Book
Call number prefix IESE
Holdings
Withdrawn status Lost status Source of classification or shelving scheme Damaged status Not for loan Collection code Permanent Location Current Location Shelving location Date acquired Total Checkouts Full call number Barcode Date last seen Price effective from Koha item type
            Institute of Environmental Science and Engineering (IESE) Institute of Environmental Science and Engineering (IESE) General Stacks 12/15/2017   664.028 CAL IESE-1105 12/15/2017 12/15/2017 Book
© 2023 Central Library, National University of Sciences and Technology. All Rights Reserved.